| 000 | 00977nam a22003257a 4500 | ||
|---|---|---|---|
| 001 | 92 | ||
| 003 | FISKH | ||
| 005 | 20240821134644.0 | ||
| 008 | 230223b cb ||||| |||| 00| 0 eng d | ||
| 010 | _a 88106482 | ||
| 040 |
_aDLC _cDLC _dDLC _dFISKH _beng |
||
| 042 | _alcac | ||
| 050 | 0 | 0 |
_aPZ8.2 _b.C54 1987 |
| 082 | 0 | 0 |
_a398.2/45293233 _aE _219 |
| 100 | _aWalter, John | ||
| 245 | 0 | 0 |
_aCity mouse-country mouse and two more mouse tales from Aesop / _cpictures by John Wallner. |
| 260 |
_aNew York : _bScholastic Inc., _c1987. |
||
| 300 |
_a32 p. : _bcol. ill. ; _c21 cm. |
||
| 440 | 3 | _aAn Easy-to-read folktale | |
| 520 | _aCity mouse-country mouse -- The lion and the mouse -- Belling the cat. | ||
| 521 | 8 |
_a500 _bLexile |
|
| 521 | 8 |
_aJ _bRaz-Plus |
|
| 650 | 1 | _aFables. | |
| 650 | 1 |
_aMice _xFolklore. |
|
| 650 | 1 | _aFolklore. | |
| 700 | 1 |
_aWallner, John, _d1945- _eill. |
|
| 700 | 0 | _aAesop. | |
| 906 |
_a7 _bcbc _corignew _d2 _encip _f19 _gy-gencatlg |
||
| 942 |
_2ddc _cBK _n0 |
||
| 999 |
_c92 _d92 |
||